| 000 -LEADER |
| fixed length control field |
00888nam a22002657a 4500 |
| 001 - CONTROL NUMBER |
| control field |
14811 |
| 003 - CONTROL NUMBER IDENTIFIER |
| control field |
BD-DhUAP |
| 005 - DATE AND TIME OF LATEST TRANSACTION |
| control field |
20201205102122.0 |
| 008 - FIXED-LENGTH DATA ELEMENTS--GENERAL INFORMATION |
| fixed length control field |
201205r19872005nyua|||| |||| 001 0 eng d |
| 020 ## - INTERNATIONAL STANDARD BOOK NUMBER |
| International Standard Book Number |
0824775880 |
| 040 ## - CATALOGING SOURCE |
| Original cataloging agency |
BD-DhUAP |
| Language of cataloging |
Eng |
| Transcribing agency |
BD-DhUAP |
| Modifying agency |
BD-DhUAP |
| 082 ## - DEWEY DECIMAL CLASSIFICATION NUMBER |
| Edition number |
23 |
| Classification number |
615.19 CON |
| 245 ## - TITLE STATEMENT |
| Title |
Controlled drug delivery : |
| Remainder of title |
fundamentals and applications / |
| Statement of responsibility, etc. |
edited by Joseph R. Robinson and Vincent H. L. Lee. |
| 250 ## - EDITION STATEMENT |
| Edition statement |
2nd rev. & expanded ed. |
| 260 ## - PUBLICATION, DISTRIBUTION, ETC. |
| Place of publication, distribution, etc. |
New York : |
| Name of publisher, distributor, etc. |
Marcel Dekker, |
| Date of publication, distribution, etc. |
1987 [Reprinted 2005]. |
| 300 ## - PHYSICAL DESCRIPTION |
| Extent |
xix. 716 pages : |
| Other physical details |
illustrations ; |
| Dimensions |
25 cm. |
| 490 ## - SERIES STATEMENT |
| Series statement |
Drugs and the pharmaceutical sciences, |
| Volume/sequential designation |
29. |
| 500 ## - GENERAL NOTE |
| General note |
Includes index. |
| 650 ## - SUBJECT ADDED ENTRY--TOPICAL TERM |
| Topical term or geographic name entry element |
Drugs |
| Form subdivision |
Dosage forms. |
| 650 ## - SUBJECT ADDED ENTRY--TOPICAL TERM |
| Topical term or geographic name entry element |
Delayed |
| Form subdivision |
action preparations. |
| 650 ## - SUBJECT ADDED ENTRY--TOPICAL TERM |
| Topical term or geographic name entry element |
Dosage Forms. |
| 700 ## - ADDED ENTRY--PERSONAL NAME |
| Personal name |
Robinson, Joseph R. |
| 700 ## - ADDED ENTRY--PERSONAL NAME |
| Personal name |
Lee, Vincent H. L. |
| 942 ## - ADDED ENTRY ELEMENTS (KOHA) |
| Source of classification or shelving scheme |
|
| Koha item type |
Book |